| 000 | 00659pam a2200241 a 4500 | ||
|---|---|---|---|
| 005 | 20260322212044.0 | ||
| 008 | data | ||
| 010 | _a 91002607 | ||
| 020 |
_a0525933522 : _c{dollar}18.95 |
||
| 020 |
_a9780525933526 : _c{dollar}18.95 |
||
| 040 |
_aDLC _cDLC _dDLC |
||
| 050 | 0 | 0 |
_aPN6084.D64 _bM6 1991 |
| 082 | 0 | 0 |
_a636.7/00207 _220 |
| 092 | _a636.7 Win 1991 | ||
| 245 | 0 | 0 |
_aMondo canine / _cedited by Jon Winokur. |
| 260 |
_aNew York, N.Y., U.S.A. : _bDutton, _cc1991. |
||
| 300 |
_a265 p. : _bill. ; _c21 cm. |
||
| 500 | _aIncludes indexes. | ||
| 650 | 0 |
_aDogs _xQuotations, maxims, etc. |
|
| 650 | 0 |
_aDogs _xHumor. |
|
| 700 | 1 | _aWinokur, Jon. | |
| 001 | data | ||
| 999 |
_c1042 _d1042 |
||